[Event "II Liga SSCS 2015 - Istok"]
[Site "VRNJAČKA BANJA - Hotel "]
[Date "2015.10.10"]
[Round "10.11"]
[White "TODOROVIC, Nenad I  **"]
[Black "MAKSIMOVIC, Branimir"]
[Result "1/2-1/2"]
[WhiteElo "2273"]
[BlackElo "2318"]
[PlyCount "0"]
[EventDate "2015.08.28"]

1.e4 e6 2.d4 d5 3.Nd2 c5 4.exd5 exd5 5.Ngf3 Nf6 6.Bb5+ Bd7 7.Bxd7+
Nbxd7 8.O-O Be7 9.dxc5 Nxc5 10.Re1 O-O 11.Nf1 a5 12.Be3 b5 13.a3
Re8 14.Bd4 Ne6 15.Ne3 Ne4 16.Qd3 Nxd4 17.Nxd4 Bc5 18.Rad1 b4
19.axb4 axb4 20.Re2 Qf6 21.h3 Rad8 22.Ng4 1/2-1/2

[Event "II Liga SSCS 2015 - Istok"]
[Site "VRNJAČKA BANJA - Hotel "]
[Date "2015.10.10"]
[Round "10.13"]
[White "NJEGIC, Vladimir"]
[Black "KULAK, Dejan"]
[Result "0-1"]
[WhiteElo "2147"]
[BlackElo "2259"]
[PlyCount "0"]
[EventDate "2015.08.28"]

1.d4 Nf6 2.c4 c5 3.d5 g6 4.Nc3 d6 5.Nf3 Bg7 6.h3 O-O 7.Bf4 Na6
8.e3 Nc7 9.Be2 a6 10.a4 Rb8 11.O-O b5 12.axb5 axb5 13.cxb5 Bd7
14.Qb3 Nxb5 15.Qd1 Nh5 16.Qd2 Nxf4 17.exf4 Qb6 18.Bxb5 Bxb5 19.Rfe1
Rb7 20.f5 Rfb8 21.fxg6 hxg6 22.Qg5 Qd8 23.Qf4 Qf8 24.h4 Bd7 25.Nd1
Rb4 26.Qe3 Bf6 27.Ra7 Bg4 28.Nc3 Bf5 29.Ng5 Rxh4 30.g3 Rh5 31.Nge4
Bd4 32.Qf3 Rh8 33.g4 Bc8 34.Ne2 Be5 35.Ng5 Rh4 36.Ra4 Rb4 37.Ra8
Rhxg4+ 38.Kf1 Rxg5 0-1

[Event "II Liga SSCS 2015 - Istok"]
[Site "VRNJAČKA BANJA - Hotel "]
[Date "2015.10.10"]
[Round "10.14"]
[White "DJORDJEVIC, Nebojsa"]
[Black "MICKOVIC, Slavisa"]
[Result "1/2-1/2"]
[WhiteElo "2292"]
[BlackElo "2092"]
[PlyCount "0"]
[EventDate "2015.08.28"]

1.d4 d5 2.c4 dxc4 3.e3 Nf6 4.Bxc4 e6 5.Nf3 a6 6.O-O b5 7.Be2
Bb7 8.a4 b4 9.Nbd2 c5 10.Nc4 Nc6 11.dxc5 Bxc5 12.Qc2 Qe7 13.b3
O-O 14.Bb2 Rac8 15.Ng5 g6 16.Rac1 Ba7 17.Rfd1 Rfd8 18.Rxd8+ Rxd8
19.Ba1 Nd5 20.Nf3 f6 21.Bf1 e5 22.Rd1 Nb6 23.Nxb6 Bxb6 24.Bc4+
Kg7 25.Be2 Qc5 1/2-1/2

[Event "II Liga SSCS 2015 - Istok"]
[Site "VRNJAČKA BANJA - Hotel "]
[Date "2015.10.10"]
[Round "10.15"]
[White "KOSTIC, Tomislav  **"]
[Black "STANKOVIC, Dejan"]
[Result "0-1"]
[WhiteElo "1983"]
[BlackElo "2246"]
[PlyCount "0"]
[EventDate "2015.08.28"]

1.e4 e5 2.Nf3 Nf6 3.Nc3 Bb4 4.Nxe5 O-O 5.Be2 Re8 6.Nd3 Bxc3 7.dxc3
Nxe4 8.Nf4 d6 9.O-O Nc6 10.f3 Nc5 11.c4 a5 12.a4 Bf5 13.Re1 Nb4
14.Nd3 Nxc2 15.Qxc2 Nxd3 16.Bg5 Nxe1 17.Qxf5 f6 18.Rxe1 Re5 19.Bxf6
Qxf6 20.Qd3 Rae8 21.Kf1 Qh4 22.h3 Qg3 23.Qd2 Rg5 0-1

[Event "II Liga SSCS 2015 - Istok"]
[Site "VRNJAČKA BANJA - Hotel "]
[Date "2015.10.10"]
[Round "10.16"]
[White "DJUKIC, Nebojsa"]
[Black "KOSTIC, Marko ** "]
[Result "1-0"]
[WhiteElo "2174"]
[BlackElo "1938"]
[PlyCount "0"]
[EventDate "2015.08.28"]

1.e4 e5 2.Bc4 Bc5 3.Nc3 Nc6 4.d3 d6 5.Be3 Bxe3 6.fxe3 Qg5 7.Qe2
Bg4 8.Nf3 Qh6 9.O-O Nf6 10.Rae1 Qg6 11.Qf2 O-O-O 12.Nh4 Qh5 13.Nf5
Bxf5 14.Qxf5+ Qxf5 15.Rxf5 Rdf8 16.a3 h6 17.Ref1 Ne7 18.R5f3
c6 19.h3 d5 20.exd5 cxd5 21.Rxf6 gxf6 22.Nxd5 Nxd5 23.Bxd5 b6
24.Rxf6 Rh7 25.Kf2 Kd7 26.c4 Ke7 27.Rc6 Rd8 28.b4 Rd6 29.Rc7+
Rd7 30.Rc8 Rg7 31.g4 h5 32.gxh5 Rh7 33.Bf3 Rxd3 34.Be4 1-0

[Event "II Liga SSCS 2015 - Istok"]
[Site "VRNJAČKA BANJA - Hotel "]
[Date "2015.10.10"]
[Round "10.17"]
[White "DUBRAVCIC, Nikola  **"]
[Black "STOIMENOV, Roki"]
[Result "0-1"]
[WhiteElo "1862"]
[BlackElo "2021"]
[PlyCount "0"]
[EventDate "2015.08.28"]

1.e4 e6 2.d3 d5 3.Qe2 d4 4.Nf3 c5 5.g3 Nc6 6.Bg2 e5 7.O-O Bg4
8.h3 Bh5 9.a4 Nf6 10.Na3 Bd6 11.Nc4 O-O 12.Bg5 h6 13.Bxf6 Qxf6
14.Nxd6 Qxd6 15.Qd2 Bxf3 16.Bxf3 a6 17.Bg4 b5 18.f4 c4 19.fxe5
Nxe5 20.Be2 Rfc8 21.Rfd1 Nxd3 22.Kg2 Nxb2 23.Qxd4 Qxd4 24.Rxd4
Nxa4 25.Bxc4 Rd8 26.Bd5 Rac8 27.c4 Kf8 28.cxb5 axb5 29.Kf3 Rc3+
30.Kf4 Nc5 31.Kg4 Nb3 32.Ra3 Rxg3+ 33.Kxg3 Nxd4 34.Ra7 f6 35.Rb7
Nf5+ 36.Kf4 Nd6 37.Rb6 Ke7 38.h4 g5+ 39.Kg4 h5+ 40.Kxh5 Rh8+
41.Kg4 Rxh4+ 42.Kf3 Rh3+ 43.Kf2 Rc3 44.Ke2 Kd7 45.Rb8 Rc8 46.Rb6
Rc5 47.Rb8 f5 48.Ke3 fxe4 49.Bxe4 0-1

[Event "II Liga SSCS 2015 - Istok"]
[Site "VRNJAČKA BANJA - Hotel "]
[Date "2015.10.10"]
[Round "10.18"]
[White "DJORDJEVIC, Lazar  **"]
[Black "RAJKOVIC, Aleksandar"]
[Result "1/2-1/2"]
[WhiteElo "1845"]
[BlackElo "2147"]
[PlyCount "0"]
[EventDate "2015.08.28"]

1.e4 e5 2.Nf3 Nc6 3.Bb5 a6 4.Ba4 Nf6 5.O-O Be7 6.Re1 b5 7.Bb3
O-O 8.h3 d6 9.c3 Na5 10.Bc2 c5 11.d4 Qc7 12.dxe5 dxe5 13.Nbd2
Re8 14.Nf1 Bb7 15.Ng3 Rad8 16.Qe2 Bf8 17.Bg5 Qb6 18.Rad1 h6 19.Bxf6
Qxf6 20.Nf5 Nc4 21.a4 Rxd1 22.Rxd1 Nxb2 23.Rb1 Nc4 24.axb5 Na3
25.Rb3 c4 26.Rxa3 Bxa3 27.Qxc4 axb5 28.Qxb5 Bc6 29.Qa5 Bf8 30.Qc7
g6 31.Ne3 Qd6 32.Qb6 Qc5 33.Qxc5 Bxc5 34.Ng4 Kg7 35.Nfxe5 Bxe4
36.Bxe4 h5 37.Bc6 Re7 38.Nd3 hxg4 39.Nxc5 Rc7 40.hxg4 Rxc6 41.Ne4
Rc4 42.f3 f5 1/2-1/2

[Event "II Liga SSCS 2015 - Istok"]
[Site "VRNJAČKA BANJA - Hotel "]
[Date "2015.10.10"]
[Round "10.41"]
[White "TODOROVIC, Jovan"]
[Black "PETROV, Georgi"]
[Result "1-0"]
[WhiteElo "2394"]
[BlackElo "2248"]
[PlyCount "0"]
[EventDate "2015.08.28"]

1.e4 c5 2.Nf3 Nc6 3.d4 cxd4 4.Nxd4 Qb6 5.Nb3 Nf6 6.Nc3 e6 7.Bd3
a6 8.Be3 Qc7 9.f4 d6 10.Qf3 Be7 11.g4 Nd7 12.O-O-O b5 13.Ne2
Bb7 14.Kb1 Na5 15.Nxa5 Qxa5 16.Nd4 g6 17.h4 Qc7 18.h5 O-O-O 19.hxg6
hxg6 20.Nb3 Nc5 21.Bd4 Rxh1 22.Rxh1 d5 23.e5 Nxb3 24.axb3 Bc5
25.Qe3 Bxd4 26.Qxd4 Qa5 27.Rh7 Rd7 28.Qa7 Kc7 29.Bxg6 fxg6 30.Rxd7+
Kxd7 31.Qxb7+ Ke8 32.Qg7 1-0

[Event "II Liga SSCS 2015 - Istok"]
[Site "VRNJAČKA BANJA - Hotel "]
[Date "2015.10.10"]
[Round "10.42"]
[White "TONIC, Milos  *"]
[Black "NADJ HEDJESI, Balind"]
[Result "0-1"]
[WhiteElo "2037"]
[BlackElo "2399"]
[PlyCount "0"]
[EventDate "2015.08.28"]

1.c4 c6 2.Nc3 d5 3.e3 Nf6 4.d4 e6 5.a3 Bd6 6.Nf3 Nbd7 7.Bd3 dxc4
8.Bxc4 b5 9.Bd3 Bb7 10.O-O O-O 11.Ne4 Nxe4 12.Bxe4 a6 13.Bd2
Nf6 14.Bc2 c5 15.dxc5 Bxc5 16.Bc3 Ne4 17.Qxd8 Rfxd8 18.Bd4 Rac8
19.Rac1 Bxd4 20.Nxd4 Nd2 21.Rfd1 Nc4 22.Rb1 e5 23.Nf5 Kf8 24.h3
Rxd1+ 25.Rxd1 g6 26.Nh6 Ke7 27.Bb3 Nxb2 28.Rb1 Nc4 29.Ra1 Bd5
30.Rc1 Be6 31.Bxc4 Rxc4 32.Rxc4 Bxc4 33.Ng4 Kd6 34.e4 a5 35.Ne3
Bd3 36.f3 b4 37.axb4 a4 38.Nd1 a3 0-1

[Event "II Liga SSCS 2015 - Istok"]
[Site "VRNJAČKA BANJA - Hotel "]
[Date "2015.10.10"]
[Round "10.43"]
[White "CABARKAPA, Novak  **"]
[Black "TRICKOVIC, Borivoje"]
[Result "1/2-1/2"]
[WhiteElo "2377"]
[BlackElo "2214"]
[PlyCount "0"]
[EventDate "2015.08.28"]

1.b3 e5 2.Bb2 d6 3.e3 c6 4.d4 Nd7 5.Nf3 e4 6.Nfd2 d5 7.c4 Ngf6
8.f3 Bd6 9.Nc3 Qe7 10.cxd5 cxd5 11.Nb5 O-O 12.Nxd6 Qxd6 13.fxe4
dxe4 14.Nc4 Qe6 15.Ba3 Rd8 16.Qd2 Nb6 17.Be2 Bd7 18.O-O Bc6 19.Qe1
Nbd5 20.Rc1 Rac8 21.Qg3 1/2-1/2

[Event "II Liga SSCS 2015 - Istok"]
[Site "VRNJAČKA BANJA - Hotel "]
[Date "2015.10.10"]
[Round "10.44"]
[White "DIMITRIJEVIC, Dusan  *"]
[Black "RADUSINOVIC, Lazar  *"]
[Result "1/2-1/2"]
[WhiteElo "2135"]
[BlackElo "2339"]
[PlyCount "0"]
[EventDate "2015.08.28"]

1.d4 d5 2.Nc3 c6 3.e4 b5 4.a3 dxe4 5.Nxe4 Nf6 6.Nxf6+ exf6 7.Bf4
Bd6 8.Bxd6 Qxd6 9.Nf3 O-O 10.Be2 Bg4 11.O-O Re8 12.h3 Bh5 13.Re1
Nd7 14.c3 Nb6 15.Nd2 Bg6 16.Bf3 Na4 17.Qb3 a5 18.Nc4 Qc7 19.Ne3
Be4 20.Bxe4 Rxe4 21.Nf5 Rae8 22.Rxe4 Rxe4 23.Ng3 Re8 24.c4 Qd7
25.Rd1 Nb6 26.cxb5 cxb5 27.d5 Nc4 28.a4 Nd6 29.axb5 Qxb5 30.Qxb5
Nxb5 31.Ra1 Ra8 32.Ne4 Kf8 33.Ra4 Rd8 34.Rxa5 Rxd5 35.Kh2 Ke7 1/2-1/2

[Event "II Liga SSCS 2015 - Istok"]
[Site "VRNJAČKA BANJA - Hotel "]
[Date "2015.10.10"]
[Round "10.46"]
[White "MILUTINOVIC, Stefana  **"]
[Black "ELEZ, Nikola  *"]
[Result "0-1"]
[WhiteElo "2124"]
[BlackElo "2222"]
[PlyCount "0"]
[EventDate "2015.08.28"]

1.d4 d6 2.Nf3 Bg4 3.c4 c6 4.e4 g6 5.Be2 Bg7 6.Be3 Nf6 7.Nc3 O-O
8.O-O Nbd7 9.Rb1 a6 10.c5 dxc5 11.dxc5 Qc7 12.Nd2 Bxe2 13.Qxe2
Ne5 14.f3 Rad8 15.Rfd1 Rd7 16.Nc4 Nxc4 17.Qxc4 Rfd8 18.Rxd7 Rxd7
19.Rd1 Nh5 20.Rxd7 Qxd7 21.g4 Bxc3 22.Qxc3 Ng7 23.Qe5 Ne6 24.h4
Qc7 25.Qxc7 Nxc7 26.Kf2 f6 27.Ke2 Kf7 28.Kd3 Ke6 29.Bf4 Ne8 30.b4
Kd7 31.a4 e5 32.Bg3 Nc7 33.f4 exf4 34.Bxf4 Ne6 35.Bg3 g5 36.e5
gxh4 37.Bxh4 fxe5 38.Bf6 a5 39.bxa5 Nxc5+ 40.Kc4 Ne4 41.Bxe5
Nf2 42.g5 Nh3 43.Bf6 Kd6 44.Kb4 Nf4 45.a6 Nd5+ 46.Ka5 b6# 0-1

[Event "II Liga SSCS 2015 - Istok"]
[Site "VRNJAČKA BANJA - Hotel "]
[Date "2015.10.10"]
[Round "10.47"]
[White "LUKIC, Dragan M "]
[Black "KOSTIC, Aleksandar  *"]
[Result "1-0"]
[WhiteElo "2287"]
[BlackElo "1964"]
[PlyCount "0"]
[EventDate "2015.08.28"]

1.e4 e6 2.d4 d5 3.Nc3 Bb4 4.exd5 exd5 5.Bd3 Nf6 6.Bg5 c6 7.Qf3
Be7 8.h3 Qb6 9.O-O-O Na6 10.Nge2 Be6 11.Nf4 Nc7 12.Rhe1 O-O-O
13.Nh5 Qxd4 14.Nxg7 Ng8 15.Nxe6 fxe6 16.Bxe7 Nxe7 17.Bf5 Qg7
18.Bxe6+ Nxe6 19.Rxe6 Rdf8 20.Qe3 Nf5 21.Qxa7 Qxg2 22.Na4 Qh2
23.Rxc6+ 1-0

[Event "II Liga SSCS 2015 - Istok"]
[Site "VRNJAČKA BANJA - Hotel "]
[Date "2015.10.10"]
[Round "10.51"]
[White "GOVEDARICA, Radovan"]
[Black "RISTIC, Nebojsa B"]
[Result "1/2-1/2"]
[WhiteElo "2369"]
[BlackElo "2313"]
[PlyCount "0"]
[EventDate "2015.08.28"]

1.e4 e6 2.d4 d5 3.Nc3 dxe4 4.Nxe4 Nd7 5.Nf3 Ngf6 6.Bg5 h6 7.Bxf6
Nxf6 8.Nxf6+ Qxf6 9.c3 Bd6 10.Bd3 Bd7 11.Qe2 Bc6 12.Bb5 O-O 13.Bxc6
bxc6 14.O-O c5 15.dxc5 Bxc5 16.Rad1 Rfd8 17.a3 a5 18.Rxd8+ Rxd8
19.Rd1 Rd6 20.b4 axb4 21.axb4 Rxd1+ 22.Qxd1 Bd6 23.Qd3 Qf4 24.g3
Qc1+ 25.Kg2 Qb2 26.h4 Qb3 27.Nd4 Qd5+ 28.Qf3 Be5 29.Qxd5 exd5
30.Nb5 g5 31.hxg5 hxg5 32.Kf3 f5 33.g4 fxg4+ 34.Kxg4 Bf4 35.Kf5
Kf7 36.Nd4 Bd2 37.Ne6 Bxc3 38.b5 Ke7 39.Nxc7 Kd6 1/2-1/2

[Event "II Liga SSCS 2015 - Istok"]
[Site "VRNJAČKA BANJA - Hotel "]
[Date "2015.10.10"]
[Round "10.53"]
[White "JOVANOVIC, Aleksandar D"]
[Black "BULATOVIC, Nikola  **"]
[Result "1/2-1/2"]
[WhiteElo "2195"]
[BlackElo "2078"]
[PlyCount "0"]
[EventDate "2015.08.28"]

1.c4 e5 2.e3 Nf6 3.Nc3 d5 4.cxd5 Nxd5 5.Nf3 Nc6 6.d3 Nxc3 7.bxc3
Bd6 8.Be2 O-O 9.d4 e4 10.Nd2 Qg5 11.Nxe4 Qxg2 12.Bf3 Qg6 13.Nxd6
Qxd6 14.a4 Re8 15.Ba3 Qg6 16.Qe2 Bf5 17.O-O-O Be4 18.Rhg1 Bxf3
19.Qxf3 Qe4 20.Qg3 g6 21.Qg5 Rad8 22.c4 Ne5 23.dxe5 Qxc4+ 24.Kb2
Qe2+ 1/2-1/2

[Event "II Liga SSCS 2015 - Istok"]
[Site "VRNJAČKA BANJA - Hotel "]
[Date "2015.10.10"]
[Round "10.54"]
[White "DJORDJEVIC, Danilo  **"]
[Black "ILIC, Aleksandar "]
[Result "1-0"]
[WhiteElo "2101"]
[BlackElo "2147"]
[PlyCount "0"]
[EventDate "2015.08.28"]

1.e4 c5 2.c3 d5 3.exd5 Qxd5 4.d4 g6 5.dxc5 Qxc5 6.Be3 Qc7 7.Na3
a6 8.Nc4 Nd7 9.a4 Bg7 10.a5 Nh6 11.Nb6 Nxb6 12.Bxb6 Qe5+ 13.Be2
Bg4 14.Bd4 Qd5 15.Bxg4 Bxd4 16.cxd4 Qxg2 17.Bf3 Qg5 18.Qc2 Qh4
19.Bxb7 Rd8 20.Nf3 Qh5 21.Qc3 Kf8 22.Qc7 Rd6 23.O-O Rf6 24.Ra3
Nf5 25.Bxa6 g5 26.Ne5 g4 27.Nd7+ 1-0

[Event "II Liga SSCS 2015 - Istok"]
[Site "VRNJAČKA BANJA - Hotel "]
[Date "2015.10.10"]
[Round "10.55"]
[White "DJUKIC, Slobodan D"]
[Black "BANJOVIC, Sasa"]
[Result "0-1"]
[WhiteElo "2127"]
[BlackElo "2139"]
[PlyCount "0"]
[EventDate "2015.08.28"]

1.e4 e6 2.d4 d5 3.Nc3 Bb4 4.e5 c5 5.a3 Bxc3+ 6.bxc3 Qc7 7.Bd2
Nc6 8.Qg4 f5 9.Qh4 Nge7 10.Nf3 Ng6 11.Qh5 Bd7 12.Bd3 O-O-O 13.O-O
c4 14.Be2 Be8 15.Qh3 h6 16.g4 Nce7 17.Nh4 Nxh4 18.Qxh4 Ba4 19.Ra2
g5 20.Qh3 f4 21.Rb1 Nc6 22.Qf1 Qh7 23.Qd1 Rdf8 24.Bf3 Rhg8 25.Rab2
b6 26.Rc1 h5 27.h3 Ne7 28.Rb4 hxg4 29.Bxg4 Bd7 30.a4 Nc6 31.Rb2
Rg6 32.Qf3 Rh6 33.Ra1 Kc7 34.Kf1 Be8 35.Ke1 Bh5 36.Kd1 Bxg4 37.hxg4
Rh3 38.Qe2 f3 39.Qe3 Rf4 40.Be1 Rxg4 41.Qxg5 Rh1 42.Qd2 0-1

[Event "II Liga SSCS 2015 - Istok"]
[Site "VRNJAČKA BANJA - Hotel "]
[Date "2015.10.10"]
[Round "10.56"]
[White "VUKASINOVIC, Sasa"]
[Black "MADJAR, Stanislav"]
[Result "0-1"]
[WhiteElo "2075"]
[BlackElo "2166"]
[PlyCount "0"]
[EventDate "2015.08.28"]

1.e4 Nf6 2.Nc3 d5 3.e5 Ne4 4.Nce2 Nc5 5.d4 Ne6 6.f4 g6 7.Nf3
Ng7 8.Ng3 Nf5 9.Nxf5 Bxf5 10.Bd3 Qd7 11.Be3 Bxd3 12.Qxd3 e6 13.a3
Nc6 14.Bd2 a6 15.O-O Be7 16.Kh1 h5 17.Ng5 Na7 18.Bb4 Qb5 19.Qxb5+
Nxb5 20.Bxe7 Kxe7 21.c3 Na7 22.Rac1 Nc6 23.Nf3 Na5 24.Nd2 Rhd8
25.Kg1 Rac8 26.b4 Nc4 27.Nxc4 dxc4 28.Kf2 b6 29.Rfd1 Rd5 30.Rd2
Kd7 31.Ke3 Kc6 32.a4 a5 33.b5+ Kb7 34.g3 c6 35.bxc6+ Kxc6 36.Rb2
Rb8 37.Rcb1 Rb7 38.Rb5 Rxb5 39.Rxb5 Rd7 40.Ke4 Rd8 41.h3 Rd7
42.g4 hxg4 43.hxg4 Rd8 44.d5+ exd5+ 45.Kd4 Rd7 46.f5 gxf5 47.gxf5
Rd8 48.e6 fxe6 49.fxe6 Rh8 50.Ke5 Rh3 51.e7 Re3+ 52.Kf6 Rf3+
53.Ke6 Re3+ 54.Kf7 Rf3+ 55.Ke8 Rxc3 0-1

[Event "II Liga SSCS 2015 - Istok"]
[Site "VRNJAČKA BANJA - Hotel "]
[Date "2015.10.10"]
[Round "10.57"]
[White "PETROVIC, Tijana  **"]
[Black "MILIC, Slobodan"]
[Result "0-1"]
[WhiteElo "1769"]
[BlackElo "1935"]
[PlyCount "0"]
[EventDate "2015.08.28"]

1.Nf3 Nf6 2.c4 e6 3.d4 b6 4.Bg5 Be7 5.Nc3 Bb7 6.e3 Ne4 7.Bxe7
Qxe7 8.Bd3 Nxc3 9.bxc3 f5 10.O-O d6 11.Nd2 O-O 12.f3 e5 13.Qe2
Nd7 14.e4 f4 15.Qf2 Rf6 16.Rfe1 Rg6 17.Rab1 Rf8 18.Nb3 Bc8 19.Rb2
Rff6 20.Nd2 Rg5 21.Nf1 Rfg6 22.g3 Nf6 23.Kh1 Bh3 24.g4 h5 25.Be2
hxg4 26.fxg4 Nxe4 27.Qf3 Bxg4 28.Qxe4 Bf3+ 0-1

[Event "II Liga SSCS 2015 - Istok"]
[Site "VRNJAČKA BANJA - Hotel "]
[Date "2015.10.10"]
[Round "10.58"]
[White "VESELINOV, Ivica"]
[Black "PETROVIC, Tamara  **"]
[Result "1-0"]
[WhiteElo "1956"]
[BlackElo "1793"]
[PlyCount "0"]
[EventDate "2015.08.28"]

1.e4 c5 2.Nf3 d6 3.c4 Bg4 4.g3 Nc6 5.Bg2 Nf6 6.Nc3 g6 7.d3 Bg7
8.O-O O-O 9.h3 Bxf3 10.Bxf3 e6 11.a3 a6 12.Rb1 Nd7 13.Bg2 Rb8
14.Qd2 b5 15.cxb5 axb5 16.b4 cxb4 17.axb4 Nd4 18.Ne2 Qb6 19.Bb2
Rfc8 20.Nxd4 Bxd4 21.Kh2 Ne5 22.f4 Nc6 23.f5 Be3 24.Qe1 e5 25.Qd1
Nxb4 26.fxg6 hxg6 27.Qb3 Rb7 28.Qxb4 Rc2 29.Qb3 Rbc7 30.Rf6 Qa5
31.Rd1 Kg7 32.Rf3 Re2 33.d4 exd4 34.Rxe3 Rxe3 35.Bxd4+ Kg8 36.Qxe3 1-0

[Event "II Liga SSCS 2015 - Istok"]
[Site "VRNJAČKA BANJA - Hotel "]
[Date "2015.10.10"]
[Round "10.61"]
[White "RADOSAVLJEVIC, Slobodan D"]
[Black "ILIC, Zoran S"]
[Result "1/2-1/2"]
[WhiteElo "2174"]
[BlackElo "2278"]
[PlyCount "0"]
[EventDate "2015.08.28"]

1.c4 g6 2.g3 Bg7 3.Bg2 d6 4.Nf3 Nf6 5.Nc3 O-O 6.O-O e5 7.d3 h6
8.Rb1 Nc6 9.b4 a6 10.a4 Be6 11.b5 axb5 12.axb5 Ne7 13.Qb3 Qd7
14.Ba3 Bh3 15.Rfc1 Bxg2 16.Kxg2 Qe6 17.c5 d5 18.c6 bxc6 19.bxc6
Rfd8 20.Bxe7 Qxe7 21.e4 dxe4 1/2-1/2

[Event "II Liga SSCS 2015 - Istok"]
[Site "VRNJAČKA BANJA - Hotel "]
[Date "2015.10.10"]
[Round "10.63"]
[White "POPOVIC, Djordje D"]
[Black "BOJKOVIC, Slobodan"]
[Result "1/2-1/2"]
[WhiteElo "2244"]
[BlackElo "2213"]
[PlyCount "0"]
[EventDate "2015.08.28"]

1.d4 d5 2.c4 c6 3.Nf3 Nf6 4.Nc3 g6 5.Bg5 Ne4 6.cxd5 Nxg5 7.Nxg5
e6 8.Nf3 exd5 9.e3 Bg7 10.Bd3 Nd7 11.O-O O-O 12.Qc2 a5 13.Na4
Qe7 14.Rac1 Rd8 15.h3 Rb8 16.Qd2 Ra8 17.Qc2 Qd6 18.Rfd1 Rb8 19.Qd2
Ra8 20.Qc2 Qf6 21.Nd2 Qg5 22.Nf3 Qe7 23.Re1 Qd6 24.Red1 Rb8 1/2-1/2

[Event "II Liga SSCS 2015 - Istok"]
[Site "VRNJAČKA BANJA - Hotel "]
[Date "2015.10.10"]
[Round "10.64"]
[White "MITROVIC, Darko R"]
[Black "STEFANOVIC, Vladimir"]
[Result "1/2-1/2"]
[WhiteElo "2241"]
[BlackElo "2217"]
[PlyCount "0"]
[EventDate "2015.08.28"]

1.e4 c5 2.Nf3 Nc6 3.d4 cxd4 4.Nxd4 g6 5.c4 Bg7 6.Be3 Nf6 7.Nc3
d6 8.Be2 O-O 9.O-O Bd7 10.Rc1 Nxd4 11.Bxd4 Bc6 12.Qd3 a5 1/2-1/2

[Event "II Liga SSCS 2015 - Istok"]
[Site "VRNJAČKA BANJA - Hotel "]
[Date "2015.10.10"]
[Round "10.65"]
[White "IVIC, Matija  **"]
[Black "PERUNOVIC, Ljubivoje"]
[Result "1/2-1/2"]
[WhiteElo "2172"]
[BlackElo "1863"]
[PlyCount "0"]
[EventDate "2015.08.28"]

1.c4 b6 2.d4 e6 3.a3 Bb7 4.Nf3 Nf6 5.g3 c5 6.Bg2 cxd4 7.Qxd4
Nc6 8.Qf4 d6 9.O-O Be7 10.Rd1 O-O 11.Nc3 a6 12.b3 Qc7 13.Ra2
Na5 14.Nd2 Bxg2 15.Kxg2 Rac8 16.Bb2 Rfd8 17.Qf3 Qc6 18.Rc1 Qxf3+
19.Kxf3 Nd7 20.Ba1 Bf6 21.Rac2 Rc6 22.Na2 Bxa1 23.Rxa1 b5 24.Nb4
Rb6 25.cxb5 axb5 26.Rc7 Nc5 27.Rb1 Rb7 28.Rxb7 Naxb7 29.Nc6 Ra8
30.Ra1 d5 31.b4 Nd7 32.Nb3 Nd6 33.Ncd4 Ne5+ 34.Kg2 Ne4 35.Nc2 1/2-1/2